Pest control and disease management in Vrkshayurveda (Record no. 40584)
[ view plain ]
| 000 -LEADER | |
|---|---|
| fixed length control field | 00400nam a2200145Ia 4500 |
| 082 ## - DEWEY DECIMAL CLASSIFICATION NUMBER | |
| Classification number | 632.9 |
| Item number | VIJ |
| 100 ## - MAIN ENTRY--AUTHOR NAME | |
| Personal name | Shyam Sundar, K M |
| 245 #0 - TITLE STATEMENT | |
| Title | Pest control and disease management in Vrkshayurveda |
| 260 ## - PUBLICATION, DISTRIBUTION, ETC. (IMPRINT) | |
| Place of publication | Madras |
| Name of publisher | LSPSS |
| Year of publication | 1994 |
| 650 ## - SUBJECT ADDED ENTRY--TOPICAL TERM | |
| Topical Term | Endogenous diseases |
| 650 ## - SUBJECT ADDED ENTRY--TOPICAL TERM | |
| Topical Term | Exogenous diseseases |
| 700 ## - ADDED ENTRY--PERSONAL NAME | |
| Personal name | Vijayalakshmi, K |
| 942 ## - ADDED ENTRY ELEMENTS (KOHA) | |
| Koha item type | Books |
| Withdrawn status | Lost status | Damaged status | Not for loan | Home library | Current library | Date acquired | Cost, normal purchase price | Full call number | Accession Number | Koha item type |
|---|---|---|---|---|---|---|---|---|---|---|
| RRII Library | RRII Library | 16/12/2021 | 60.00 | 632.9 VIJ | 20882 | Books |